| 000 | 00765nam a22001575i 4500 | ||
|---|---|---|---|
| 001 | 173861 | ||
| 003 | ES-MaACL | ||
| 005 | 20230906215354.0 | ||
| 008 | 100127s1868 sp |||| | spa d | ||
| 100 | 1 |
_aCamprodón, Francisco. _934301 |
|
| 245 | 1 | 0 |
_aAsirse de un cabello _b: proverbio en un acto / _carreglado libremente á la escena española por Francisco Camprodón. |
| 260 |
_aMadrid : _b[s.n.], _c1868 ( _fImp. de José Rodríguez) |
||
| 300 |
_a33 p. ; _c17 cm. |
||
| 500 | _aEn port.: Representado por primera vez en el teatro del Príncipe el 18 de abril de 1868. | ||
| 852 |
_aES-MaACL _jF-8622(13) _z.- Enc. pasta española _q.- Falto de la cub. original _z.- Enc. en un vol. facticio formando parte de la col. facticia "Teatro español moderno", vol. 77 |
||
| 999 |
_c173861 _d173861 |
||